[Event "40th Olympiad Open"]
[Site "Istanbul TUR"]
[Date "2012.09.01"]
[Round "5.32"]
[Board "4"]
[White "Cawdery, Daniel"]
[Black "Kongsee, Uaychai"]
[Result "1-0"]
[WhiteTitle "CM"]
[WhiteElo "2284"]
[BlackElo "2273"]
[WhiteTeam "South Africa"]
[BlackTeam "Thailand"]
[WhiteFideId "14300249"]
[BlackFideId "6200346"]
[EventDate "2012.08.28"]

1. e4 c5 2. Nf3 d6 3. d4 cxd4 4. Nxd4 Nf6 5. Nc3 a6 6. Bg5 e6 7. f4 Nc6 8. Nxc6
bxc6 9. e5 h6 10. Bh4 g5 11. fxg5 Nd5 12. Ne4 Qb6 13. Bd3 Qxb2 14. g6 Qxe5 15.
gxf7+ Kd7 16. O-O Bg7 17. Qf3 Rf8 18. Rae1 Qd4+ 19. Bf2 Qb2 20. c4 Nf6 21. Re2
Qe5 22. Nc5+ Qxc5 23. Bxc5 dxc5 24. Qg3 Rxf7 25. Bg6 1-0

[Event "40th Olympiad Open"]
[Site "Istanbul TUR"]
[Date "2012.09.01"]
[Round "5.33"]
[Board "1"]
[White "Papaioannou, Ioannis"]
[Black "Matamoros Franco, Carlos S."]
[Result "1-0"]
[WhiteTitle "GM"]
[BlackTitle "GM"]
[WhiteElo "2606"]
[BlackElo "2548"]
[WhiteTeam "Greece"]
[BlackTeam "Ecuador"]
[WhiteFideId "4201345"]
[BlackFideId "3600017"]
[EventDate "2012.08.28"]

1. d4 Nf6 2. Nf3 g6 3. Bg5 Bg7 4. Nbd2 O-O 5. c3 h6 6. Bh4 d6 7. e4 c5 8. dxc5
dxc5 9. Be2 Nc6 10. O-O Nh5 11. Qc2 Qc7 12. Rad1 b6 13. Rfe1 Bb7 14. Nc4 g5 15.
Nfd2 Nf4 16. Bg3 e6 17. h4 b5 18. Ne3 a6 19. hxg5 hxg5 20. Nf3 Qe7 21. Ng4 f6
22. Qc1 e5 23. Ne3 Rad8 24. Bf1 Qe6 25. b3 Ne7 26. Qc2 Qc6 27. Bxf4 gxf4 28. Nd5
Nxd5 29. exd5 Rxd5 30. Rxd5 Qxd5 31. Bd3 Qd8 32. Bh7+ Kh8 33. Bf5 Bc8 34. Nh4
Bxf5 35. Qxf5 Kg8 36. Qe6+ Rf7 37. Qg4 f5 38. Nxf5 Qf6 39. Nh4 Kh7 40. Nf3 Qf5
41. Ng5+ Kg6 42. Qxf5+ Rxf5 43. Ne4 Bf8 44. Rd1 f3 45. Rd8 Rf4 46. gxf3 Rxf3 47.
Kg2 Rf7 48. Ra8 Kf5 49. Kf3 Ke6+ 50. Ke3 c4 51. Rxa6+ Kf5 52. bxc4 bxc4 53. Rc6
Be7 54. Rxc4 Rh7 55. Rc6 Rh2 56. a4 Bh4 57. a5 Rh1 58. f3 Ra1 59. a6 Ra2 60. Kd3
Kf4 61. Rh6 Bd8 62. Rh8 Be7 63. Rh7 Kxf3 64. Rf7+ 1-0

[Event "40th Olympiad Open"]
[Site "Istanbul TUR"]
[Date "2012.09.01"]
[Round "5.33"]
[Board "2"]
[White "Guerra Tulcan, Lenin"]
[Black "Mastrovasilis, Dimitrios"]
[Result "0-1"]
[WhiteTitle "FM"]
[BlackTitle "GM"]
[WhiteElo "2424"]
[BlackElo "2618"]
[WhiteTeam "Ecuador"]
[BlackTeam "Greece"]
[WhiteFideId "3601382"]
[BlackFideId "4202694"]
[EventDate "2012.08.28"]

1. e4 e5 2. Nf3 Nc6 3. Bb5 a6 4. Ba4 Nf6 5. O-O Nxe4 6. Re1 Nc5 7. Bxc6 dxc6 8.
d4 Ne6 9. dxe5 Qxd1 10. Rxd1 h6 11. Nc3 Bd7 12. Be3 O-O-O 13. h3 Be7 14. a4 a5
15. Nd2 Nc5 16. Ne2 Rhe8 17. Nd4 b6 18. Nc4 Nxa4 19. Rxa4 c5 20. Raa1 cxd4 21.
Bxd4 Be6 22. Ne3 Rd7 23. Bc3 Red8 24. Rxd7 Rxd7 25. Kf1 Bg5 26. Ke2 Kb7 27. Rf1
Bf4 28. h4 h5 29. g3 Bh6 30. Rd1 Rxd1 31. Kxd1 a4 32. Ke2 c5 33. Kd3 g6 34. Ke4
b5 35. Bd2 Kc6 36. f4 Bf8 37. Bc1 b4 38. Kd3 Be7 39. c4 Bd8 40. Kc2 Bf5+ 41. Kd2
Be4 42. Nd1 Kd7 43. Nf2 Bb1 44. Ke3 Ke6 45. Nd1 Bc2 46. Nf2 Kf5 47. Kd2 b3 48.
Ke3 f6 0-1

[Event "40th Olympiad Open"]
[Site "Istanbul TUR"]
[Date "2012.09.01"]
[Round "5.33"]
[Board "4"]
[White "Munoz Sanchez, Jhon"]
[Black "Halkias, Stelios"]
[Result "0-1"]
[BlackTitle "GM"]
[WhiteElo "2262"]
[BlackElo "2574"]
[WhiteTeam "Ecuador"]
[BlackTeam "Greece"]
[WhiteFideId "3600629"]
[BlackFideId "4201809"]
[EventDate "2012.08.28"]

1. d4 d5 2. Nf3 Nf6 3. c4 e6 4. e3 Be7 5. Nc3 O-O 6. Bd3 b6 7. O-O Bb7 8. Qe2 c5
9. Rd1 Nbd7 10. b3 Qb8 11. Bb2 cxd4 12. exd4 Bd6 13. g3 a6 14. Rac1 Re8 15. cxd5
exd5 16. Qf1 Ne4 17. Re1 Ndf6 18. Ne5 b5 19. f3 Qa7 20. Kg2 Qxd4 21. Nd1 Qb6 22.
fxe4 Bxe5 23. Bxe5 Rxe5 24. Qf2 Qxf2+ 25. Nxf2 dxe4 26. Kg1 Rae8 27. Bf1 R5e7
28. Bg2 e3 29. Bxb7 exf2+ 0-1

[Event "40th Olympiad Open"]
[Site "Istanbul TUR"]
[Date "2012.09.01"]
[Round "5.34"]
[Board "2"]
[White "Teterev, Vitaly"]
[Black "Halay, Taufik"]
[Result "1/2-1/2"]
[WhiteTitle "GM"]
[BlackTitle "IM"]
[WhiteElo "2528"]
[BlackElo "2361"]
[WhiteTeam "Belarus"]
[BlackTeam "Indonesia"]
[WhiteFideId "13501429"]
[BlackFideId "7101392"]
[EventDate "2012.08.28"]

1. Nf3 c5 2. c4 Nc6 3. Nc3 Nf6 4. e3 d5 5. cxd5 Nxd5 6. Bc4 e6 7. O-O Be7 8. d4
Nb6 9. Bb3 O-O 10. a3 cxd4 11. exd4 Bf6 12. Be3 Nd5 13. Ne4 b6 14. Qd3 Nxe3 15.
Nxf6+ Qxf6 16. fxe3 Qg6 17. e4 Bb7 18. Rae1 Rad8 19. Qe3 Qh5 20. Rf2 Qb5 21. d5
exd5 22. Bxd5 Na5 23. Nd4 Qd7 24. Nf5 Bxd5 25. exd5 f6 26. Qh3 Rf7 27. Rfe2 Kh8
28. d6 Qb5 29. b4 Nc4 30. Qd3 g6 31. Re7 Rxe7 32. dxe7 Re8 33. Nd6 Nxd6 34. Qxd6
Kg7 35. h4 Qh5 36. Re4 Qf5 37. Qc6 Kf7 38. Qc4+ Kg7 39. b5 Qd7 40. Qe2 Kf7 41.
Qc4+ Kg7 42. Qb4 f5 1/2-1/2

[Event "40th Olympiad Open"]
[Site "Istanbul TUR"]
[Date "2012.09.01"]
[Round "5.35"]
[Board "1"]
[White "Gallagher, Joseph G."]
[Black "Domingos, Catarino"]
[Result "1/2-1/2"]
[WhiteTitle "GM"]
[BlackTitle "FM"]
[WhiteElo "2513"]
[BlackElo "2280"]
[WhiteTeam "Switzerland"]
[BlackTeam "Angola"]
[WhiteFideId "1303422"]
[BlackFideId "10100253"]
[EventDate "2012.08.28"]

1. e4 c5 2. Nf3 Nc6 3. d4 cxd4 4. Nxd4 a6 5. Nc3 e6 6. f4 d5 7. Be3 Nf6 8. e5
Nd7 9. Qd2 Bb4 10. Bd3 Nxd4 11. Bxd4 b5 12. Qf2 Qc7 13. O-O Bc5 14. Ne2 Bxd4 15.
Nxd4 Nc5 16. Kh1 O-O 17. Qh4 f5 18. exf6 gxf6 19. Rae1 Ra7 20. Rf3 Nxd3 21. cxd3
Qb6 22. Nb3 d4 23. Re4 Rg7 24. Rg3 Bb7 25. Rxg7+ Kxg7 26. Qg4+ Kf7 27. Qh5+ Kg7
28. Qg4+ Kf7 29. Qh5+ Kg7 30. Rxd4 Bd5 31. f5 Kh8 32. Rg4 Qf2 33. h3 Qe1+ 34.
Kh2 Qe5+ 35. Kg1 Qe1+ 36. Kh2 Qe5+ 37. Kg1 1/2-1/2

[Event "40th Olympiad Open"]
[Site "Istanbul TUR"]
[Date "2012.09.01"]
[Round "5.36"]
[Board "1"]
[White "Firat, Burak"]
[Black "Wiedenkeller, Michael"]
[Result "1/2-1/2"]
[WhiteTitle "IM"]
[BlackTitle "IM"]
[WhiteElo "2423"]
[BlackElo "2475"]
[WhiteTeam "Turkey 2016"]
[BlackTeam "Luxembourg"]
[WhiteFideId "6305881"]
[BlackFideId "1700146"]
[EventDate "2012.08.28"]

1. e4 e6 2. d4 d5 3. Nc3 Nf6 4. e5 Nfd7 5. f4 c5 6. Nf3 Nc6 7. Be3 Be7 8. Qd2
O-O 9. Be2 a6 10. O-O b5 11. a3 Qb6 12. Rad1 Bb7 13. Kh1 cxd4 14. Nxd4 Bc5 15.
Bf3 Nxd4 16. Bxd4 Bxd4 17. Qxd4 Rac8 18. Qd2 Qc7 19. Be2 f6 20. exf6 Rxf6 21.
Bg4 Rcf8 22. Kg1 Qb6+ 23. Qd4 Qxd4+ 24. Rxd4 Nb6 25. Re1 Kf7 26. a4 Nxa4 27.
Nxa4 bxa4 28. Rxa4 Rc8 29. c3 Rc6 30. Rb4 Bc8 31. g3 Ke7 32. Be2 Kd6 33. h4 Rf7
34. Bd3 h6 35. Kg2 Rb7 36. Rxb7 Bxb7 37. Kh3 Bc8 38. Kg4 e5+ 39. Bf5 e4 40. Rd1
Be6 41. Bxe6 Kxe6 42. Kh5 Rc7 43. Kg6 Re7 44. g4 e3 45. g5 hxg5 46. hxg5 Kd6 47.
f5 Ke5 48. Re1 d4 49. f6 gxf6 50. gxf6 Re6 51. Kg7 Rxf6 52. cxd4+ Kxd4 53. Kxf6
Kd3 54. Ke5 Kd2 55. Ra1 e2 56. Kd4 e1=Q 57. Rxe1 Kxe1 58. Kc5 Kd2 59. Kb6 Kc2
60. Kxa6 Kxb2 1/2-1/2

[Event "40th Olympiad Open"]
[Site "Istanbul TUR"]
[Date "2012.09.01"]
[Round "5.36"]
[Board "2"]
[White "Serban, Vlad"]
[Black "Sanal, Vahap"]
[Result "0-1"]
[BlackTitle "FM"]
[WhiteElo "2280"]
[BlackElo "2387"]
[WhiteTeam "Luxembourg"]
[BlackTeam "Turkey 2016"]
[WhiteFideId "4001060"]
[BlackFideId "6300545"]
[EventDate "2012.08.28"]

1. e4 c5 2. Nf3 e6 3. d4 cxd4 4. Nxd4 a6 5. Bd3 Nf6 6. Nc3 Qc7 7. Qe2 d6 8. f4
Nbd7 9. Nf3 Nc5 10. e5 Nfd7 11. exd6 Nxd3+ 12. cxd3 Bxd6 13. f5 Ne5 14. Ng5 O-O
15. d4 Nc6 16. f6 g6 17. Qe3 Rd8 18. Nf3 e5 19. Qd2 exd4 20. Nd5 Re8+ 21. Kf1
Qd8 22. Nxd4 Nxd4 23. Qxd4 Be6 24. Nb6 Bc7 25. Qxd8 Raxd8 26. Be3 Rd6 27. Na4
Bc4+ 0-1

[Event "40th Olympiad Open"]
[Site "Istanbul TUR"]
[Date "2012.09.01"]
[Round "5.37"]
[Board "2"]
[White "Nanjo, Ryosuke"]
[Black "Fernandes, Antonio"]
[Result "1-0"]
[WhiteTitle "CM"]
[BlackTitle "GM"]
[WhiteElo "2316"]
[BlackElo "2395"]
[WhiteTeam "Japan"]
[BlackTeam "Portugal"]
[WhiteFideId "7000634"]
[BlackFideId "1900021"]
[EventDate "2012.08.28"]

1. e4 c5 2. Nf3 d6 3. d4 cxd4 4. Nxd4 Nf6 5. Nc3 a6 6. Be3 Bd7 7. f3 Nc6 8. g4
h6 9. Qd2 e6 10. h4 Nxd4 11. Bxd4 Bc6 12. O-O-O b5 13. Bh3 Ng8 14. g5 Ne7 15.
Kb1 hxg5 16. hxg5 Rg8 17. Rhe1 b4 18. Ne2 a5 19. Ng3 Ng6 20. f4 Be7 21. Qf2 Nxf4
22. Qxf4 Bxg5 23. Qf3 Qc7 24. Qh5 Qe7 25. Bxe6 Bf4 26. Bd5 Qb7 27. Nf5 g6 28.
Qg4 Bh2 29. e5 Kf8 30. Nxd6 1-0

[Event "40th Olympiad Open"]
[Site "Istanbul TUR"]
[Date "2012.09.01"]
[Round "5.37"]
[Board "4"]
[White "Averbukh, Alex"]
[Black "Padeiro, Jose"]
[Result "0-1"]
[BlackTitle "FM"]
[WhiteElo "2211"]
[BlackElo "2354"]
[WhiteTeam "Japan"]
[BlackTeam "Portugal"]
[WhiteFideId "2028255"]
[BlackFideId "1901311"]
[EventDate "2012.08.28"]

1. e4 c6 2. d4 d5 3. exd5 cxd5 4. c4 Nf6 5. Nc3 e6 6. Bg5 Bb4 7. Rc1 Nc6 8. Nf3
h6 9. Bxf6 Qxf6 10. a3 Bxc3+ 11. Rxc3 dxc4 12. Bxc4 O-O 13. O-O Rd8 14. Rd3 Bd7
15. Ne5 Be8 16. f4 Na5 17. Ng4 Qe7 18. f5 exf5 19. Nxh6+ gxh6 20. Rg3+ Kf8 21.
Qd2 Qf6 22. Qb4+ Qd6 23. Qxa5 Qxd4+ 24. Kh1 Qxc4 25. Qxf5 Bb5 26. Rgf3 Qd5 27.
Qf6 Bxf1 28. Qxh6+ Ke7 29. Qh4+ Kd7 30. Qg4+ f5 31. Qg7+ Kc6 32. Rxf1 Kb6 33.
Qh6+ Rd6 34. Qe3+ Ka6 35. b4 Rad8 36. a4 b6 37. h3 Kb7 38. Rc1 Qe4 39. Qb3 Rd2
40. Qf7+ R8d7 41. Qg8 Rd1+ 0-1

[Event "40th Olympiad Open"]
[Site "Istanbul TUR"]
[Date "2012.09.01"]
[Round "5.38"]
[Board "1"]
[White "Vasquez Schroeder, Rodrigo"]
[Black "Burgos Figueroa, Carlos E."]
[Result "1-0"]
[WhiteTitle "GM"]
[BlackTitle "IM"]
[WhiteElo "2533"]
[BlackElo "2272"]
[WhiteTeam "Chile"]
[BlackTeam "El Salvador"]
[WhiteFideId "3400042"]
[BlackFideId "6700187"]
[EventDate "2012.08.28"]

1. Nf3 c5 2. c4 Nc6 3. d4 cxd4 4. Nxd4 g6 5. e4 Bg7 6. Be3 Nf6 7. Nc3 Ng4 8.
Qxg4 Nxd4 9. Qd1 Ne6 10. Qd2 Qa5 11. Rc1 d6 12. Be2 Bd7 13. O-O Bc6 14. f3 g5
15. Rfd1 h5 16. a3 Be5 17. Kh1 Bf4 18. Bxf4 gxf4 19. b4 Qg5 20. b5 Rg8 21. Bf1
Bd7 22. Nd5 Kf8 23. Qf2 b6 24. a4 Nc5 25. a5 bxa5 26. e5 Rc8 27. exd6 exd6 28.
Ra1 a4 29. Nc3 Rg6 30. Nxa4 Rc7 31. Nc3 h4 32. Nd5 Rb7 33. Ra3 Be6 34. Nb4 h3
35. gxh3 Bf5 36. Rd4 Re7 37. h4 Qh6 38. Nd5 Re5 39. Nxf4 Rf6 40. Nd5 Rfe6 41.
Rd1 Rg6 42. Re1 Rxe1 43. Qxe1 Re6 44. Qc3 Qxh4 45. Rxa7 f6 46. Qa5 Ne4 47. Ra8+
Re8 48. Rxe8+ Kxe8 49. Qa7 Ng3+ 50. Kg1 Bd7 51. Qe3+ 1-0

[Event "40th Olympiad Open"]
[Site "Istanbul TUR"]
[Date "2012.09.01"]
[Round "5.38"]
[Board "2"]
[White "Chavez, Ricardo Ernesto"]
[Black "Flores Rios, Mauricio"]
[Result "0-1"]
[WhiteTitle "FM"]
[BlackTitle "GM"]
[WhiteElo "2205"]
[BlackElo "2498"]
[WhiteTeam "El Salvador"]
[BlackTeam "Chile"]
[WhiteFideId "6700098"]
[BlackFideId "3408027"]
[EventDate "2012.08.28"]

1. e4 c5 2. Nf3 e6 3. g3 Nc6 4. Bg2 Nf6 5. Qe2 d5 6. d3 Be7 7. O-O O-O 8. e5 Nd7
9. c3 b5 10. h4 c4 11. d4 b4 12. Bg5 Rb8 13. Re1 Nb6 14. Bxe7 Qxe7 15. Ng5 h6
16. Nh3 Na4 17. Nf4 Rd8 18. Qc2 bxc3 19. bxc3 Nb2 20. a4 Ba6 21. Bf1 Rdc8 22.
Ra2 Nd3 23. Nxd3 cxd3 24. Qd2 Rb3 25. Bxd3 Nxd4 26. Qd1 Bxd3 27. Qxd3 Nc6 28.
Qa6 Qc7 29. Na3 Nb8 30. Qe2 a6 31. Qc2 Rxc3 32. Qe2 Qc5 0-1

[Event "40th Olympiad Open"]
[Site "Istanbul TUR"]
[Date "2012.09.01"]
[Round "5.38"]
[Board "3"]
[White "Salinas Herrera, Pablo"]
[Black "Arias, Daniel"]
[Result "1-0"]
[WhiteTitle "FM"]
[WhiteElo "2417"]
[BlackElo "2081"]
[WhiteTeam "Chile"]
[BlackTeam "El Salvador"]
[WhiteFideId "3407128"]
[BlackFideId "6700640"]
[EventDate "2012.08.28"]

1. Nf3 Nf6 2. g3 g6 3. Bg2 Bg7 4. O-O O-O 5. d4 d6 6. c4 Nc6 7. Nc3 a6 8. b3 Rb8
9. Bb2 Bf5 10. Nh4 Bg4 11. d5 Na5 12. Qd3 c5 13. Rab1 Qe8 14. Nd1 b5 15. Ne3 Bd7
16. Bc3 Qd8 17. Qd2 Nb7 18. f4 Qc8 19. Rfe1 Re8 20. Nc2 e6 21. e4 e5 22. Qd3 Nh5
23. Bf3 b4 24. Bd2 Bg4 25. f5 gxf5 26. Bxg4 fxg4 27. Rf1 Qd7 28. Rf5 Nf6 29.
Rbf1 Kh8 30. Bg5 Nh5 31. Rxf7 Qc8 32. Nf5 Rg8 33. Qe2 Qe8 34. Rxb7 Rxb7 35. Nxd6
Qg6 36. Nxb7 Qxg5 37. Nd6 1-0

[Event "40th Olympiad Open"]
[Site "Istanbul TUR"]
[Date "2012.09.01"]
[Round "5.38"]
[Board "4"]
[White "Chavez, Hector Eduardo"]
[Black "Valdes Escobar, Alvaro"]
[Result "1/2-1/2"]
[BlackTitle "IM"]
[WhiteElo "2153"]
[BlackElo "2402"]
[WhiteTeam "El Salvador"]
[BlackTeam "Chile"]
[WhiteFideId "6700160"]
[BlackFideId "3405451"]
[EventDate "2012.08.28"]

1. e4 c5 2. Nf3 d6 3. d4 cxd4 4. Nxd4 Nf6 5. Nc3 Nc6 6. Bc4 e6 7. Bb3 Be7 8. Be3
a6 9. Rg1 O-O 10. g4 Nd7 11. g5 Nxd4 12. Bxd4 Nc5 13. Qh5 Nxb3 14. axb3 e5 15.
Be3 Be6 16. O-O-O a5 17. Nd5 Bxd5 18. Rxd5 a4 19. b4 a3 20. b3 Qc7 21. c4 b6 22.
Kb1 a2+ 23. Ka1 Qa7 24. Qd1 Qa3 25. b5 f5 26. gxf6 Rxf6 27. Bc1 Qa7 28. Qg4 g6
29. Rg2 Qa5 30. Bd2 Qa3 31. Qd1 Raf8 32. Bc1 Qa5 33. Bd2 Qa7 34. Be3 Qd7 35. Qg4
Qa7 36. Qd1 Qd7 37. Qg4 Qa7 38. Qd1 Qd7 39. Qg4 Qa7 40. Qd1 Qd7 41. Qg4 Qa7 1/2-1/2

[Event "40th Olympiad Open"]
[Site "Istanbul TUR"]
[Date "2012.09.01"]
[Round "5.39"]
[Board "1"]
[White "Lupulescu, Constantin"]
[Black "Fonseca Cabrera, Ernesto"]
[Result "1-0"]
[WhiteTitle "GM"]
[WhiteElo "2614"]
[BlackElo "2211"]
[WhiteTeam "Romania"]
[BlackTeam "Nicaragua"]
[WhiteFideId "1207822"]
[BlackFideId "6101046"]
[EventDate "2012.08.28"]

1. e4 e6 2. Qe2 c5 3. Nf3 Nc6 4. g3 g6 5. Bg2 Bg7 6. O-O Nge7 7. c3 O-O 8. d3 b6
9. Rd1 Ba6 10. a3 Rc8 11. Qe1 Na5 12. Bf4 d6 13. b4 Nac6 14. d4 cxd4 15. cxd4
Nxd4 16. Nxd4 e5 17. Be3 exd4 18. Bxd4 Bxd4 19. Rxd4 Nc6 20. Rd1 Qf6 21. Nc3 Ne7
22. Rac1 Rc7 23. Bh3 Bc8 24. Bf1 Bd7 25. Nb5 Rxc1 26. Rxc1 Bxb5 27. Bxb5 Rc8 28.
Rxc8+ Nxc8 29. Qc1 Qd8 30. Qc6 Ne7 31. Qb7 a5 32. bxa5 bxa5 33. Kf1 Kf8 34. Bc4
Qc8 35. Qxc8+ Nxc8 36. Ke2 Ke7 37. f4 Nb6 38. Kd3 f6 39. Kd4 Kd7 40. Bg8 h6 41.
e5 fxe5+ 42. fxe5 Ke7 43. Bb3 Kd7 44. h4 Ke7 45. Ba2 Nd7 46. exd6+ Kxd6 47. Bb1
Ne5 48. Bc2 g5 49. h5 Nd7 50. Bf5 Nb6 51. Bg4 Nd5 52. Bf5 Nb6 53. Be4 Nd7 54.
Kc4 Nf6 55. Bg6 Kc6 56. a4 Ng8 57. Be8+ Kb6 58. Kd4 Nf6 59. Bf7 Ng4 60. Ke4 Kc5 1-0

[Event "40th Olympiad Open"]
[Site "Istanbul TUR"]
[Date "2012.09.01"]
[Round "5.39"]
[Board "2"]
[White "Madrigal, Mariano"]
[Black "Parligras, Mircea-Emilian"]
[Result "0-1"]
[BlackTitle "GM"]
[WhiteElo "2155"]
[BlackElo "2618"]
[WhiteTeam "Nicaragua"]
[BlackTeam "Romania"]
[WhiteFideId "6100961"]
[BlackFideId "1204297"]
[EventDate "2012.08.28"]

1. e4 c6 2. d4 d5 3. exd5 cxd5 4. Bd3 Nc6 5. c3 Nf6 6. Bf4 g6 7. Nf3 Bg7 8. Nbd2
O-O 9. O-O Bf5 10. Qe2 Nh5 11. Be3 Bxd3 12. Qxd3 Qd6 13. Rfe1 Rfe8 14. Rad1 Rab8
15. c4 dxc4 16. Qxc4 Rbd8 17. Ne4 Qb4 18. Qc3 Nf6 19. Nxf6+ Bxf6 20. Qxb4 Nxb4
21. a3 Nd5 22. Rc1 Rd6 23. Rc2 Kg7 24. Rec1 Rb6 25. Kf1 Rb3 26. Re1 Rd8 27. Nd2
Rb5 28. Ne4 e6 29. Nxf6 Kxf6 30. Ke2 Rb3 31. Rd1 Rd6 32. Rd3 Rdb6 33. Rxb3 Rxb3
34. Bc1 Ne7 35. Rc3 Rxc3 36. bxc3 b5 37. Bf4 Nd5 38. Be5+ Ke7 39. Kd2 Nb6 40.
Kc2 Kd7 41. Bg7 Kc6 42. Bf8 a5 43. Kd3 Kd5 44. Be7 Nc4 45. f4 a4 46. g4 f6 47.
h3 e5 48. dxe5 fxe5 49. f5 gxf5 50. gxf5 Na5 51. f6 Ke6 52. Ke3 Nc4+ 53. Kd3 Na5
54. Ke3 Nc4+ 55. Kd3 Nb6 56. Bd8 Nd5 57. c4 Nf4+ 58. Kc3 bxc4 59. Kxc4 Nxh3 60.
f7 Kxf7 61. Kd5 Kg6 62. Kxe5 Ng5 63. Kd5 h5 64. Kc4 h4 65. Kb4 h3 66. Bc7 Kf5
67. Kxa4 Nf3 68. Bg3 Nd2 69. Kb5 Nf1 70. Bd6 Kg4 71. a4 Ng3 0-1

[Event "40th Olympiad Open"]
[Site "Istanbul TUR"]
[Date "2012.09.01"]
[Round "5.39"]
[Board "3"]
[White "Marin, Mihail"]
[Black "Ortiz, Marcos"]
[Result "1-0"]
[WhiteTitle "GM"]
[WhiteElo "2548"]
[BlackElo "2171"]
[WhiteTeam "Romania"]
[BlackTeam "Nicaragua"]
[WhiteFideId "1200020"]
[BlackFideId "6100678"]
[EventDate "2012.08.28"]

1. d4 Nf6 2. Nf3 g6 3. Bg5 Bg7 4. Nbd2 O-O 5. c3 d6 6. e4 c5 7. d5 h6 8. Bh4 g5
9. Bg3 Nh5 10. a4 Nd7 11. Nc4 Ndf6 12. Nfd2 Nxg3 13. hxg3 e6 14. Ne3 exd5 15.
exd5 Re8 16. Bb5 Rxe3+ 17. fxe3 Qe7 18. Qe2 Bg4 19. Qf2 Ne4 20. Nxe4 Qxe4 21.
O-O Qxd5 22. Be2 Bxe2 23. Qxe2 Re8 24. Rad1 Qe5 25. Qf3 Re7 26. e4 Qe6 27. Qf5
Be5 28. Qxe6 fxe6 29. g4 b6 30. Rf3 Rf7 31. Rxf7 Kxf7 32. Kf2 Ke7 33. Ke2 Kd7
34. Rh1 Bg7 35. Kd3 d5 36. exd5 exd5 37. b3 a6 38. Rf1 Ke6 39. c4 d4 40. a5 bxa5
41. Ra1 Ke5 42. g3 Kd6 43. Rxa5 Be5 44. Rxa6+ Kc7 45. Rxh6 Bxg3 46. b4 cxb4 47.
Kxd4 Bf2+ 48. Kd5 Be3 49. c5 b3 50. Rb6 1-0

[Event "40th Olympiad Open"]
[Site "Istanbul TUR"]
[Date "2012.09.01"]
[Round "5.39"]
[Board "4"]
[White "Alfaro, William"]
[Black "Vajda, Levente"]
[Result "0-1"]
[WhiteTitle "FM"]
[BlackTitle "GM"]
[WhiteElo "2129"]
[BlackElo "2612"]
[WhiteTeam "Nicaragua"]
[BlackTeam "Romania"]
[WhiteFideId "6100457"]
[BlackFideId "1203975"]
[EventDate "2012.08.28"]

1. d4 Nf6 2. c4 c5 3. d5 e5 4. Nc3 d6 5. e4 Nbd7 6. Bd3 a6 7. Nf3 g6 8. a3 Bg7
9. Rb1 O-O 10. O-O Nh5 11. Re1 h6 12. Bf1 Nhf6 13. b4 b6 14. h3 Ne8 15. bxc5
bxc5 16. Qa4 f5 17. Bd2 Ndf6 18. Bd3 Bd7 19. Qc2 Nh5 20. Na4 Nef6 21. Nc3 Ne8
22. Rb7 Bc8 23. Rb3 fxe4 24. Bxe4 Bf5 25. Reb1 Ra7 26. Rb7 Rxb7 27. Rxb7 Qc8 28.
Rb3 Nef6 29. Bxf5 gxf5 30. Qc1 f4 31. Rb6 e4 32. Nh2 e3 33. fxe3 Ng3 34. Qc2
fxe3 35. Bxe3 Qe8 36. Bf2 Nfe4 37. Nxe4 Nxe4 38. Nf3 Rxf3 39. gxf3 Qg6+ 0-1

[Event "40th Olympiad Open"]
[Site "Istanbul TUR"]
[Date "2012.09.01"]
[Round "5.40"]
[Board "2"]
[White "Nilssen, John Arni"]
[Black "Goh, Wei Ming Kevin"]
[Result "0-1"]
[WhiteTitle "IM"]
[BlackTitle "IM"]
[WhiteElo "2372"]
[BlackElo "2437"]
[WhiteTeam "Faroe Islands"]
[BlackTeam "Singapore"]
[WhiteFideId "7200137"]
[BlackFideId "5800706"]
[EventDate "2012.08.28"]

1. d4 Nf6 2. c4 g6 3. f3 Nc6 4. e4 e5 5. dxe5 Nxe5 6. Bg5 h6 7. Be3 Bg7 8. Nc3
d6 9. Qd2 Be6 10. b3 O-O 11. Rd1 c6 12. Nge2 Qa5 13. Nd4 Bd7 14. Be2 a6 15. Nc2
b5 16. O-O bxc4 17. b4 Qc7 18. Bxh6 Bxh6 19. Qxh6 a5 20. a3 Be6 21. Kh1 Nd3 22.
f4 Bg4 23. Ne3 Bxe2 24. Nf5 Ne8 25. Nxe2 gxf5 26. Nd4 fxe4 27. f5 f6 28. Ne6 Qe7
29. Rxd3 exd3 30. Rf4 Rf7 31. Rg4+ Rg7 32. Rxc4 axb4 33. Rxb4 c5 34. Rh4 Rh7 35.
Rg4+ Kh8 36. Qc1 Ng7 37. Nf4 Qf7 38. h3 Re8 39. Qc3 c4 40. a4 d5 41. Qb2 Re1+
42. Kh2 Qa7 43. Ng6+ Kg8 44. Qxf6 Qg1+ 45. Kg3 Nh5+ 0-1

[Event "40th Olympiad Open"]
[Site "Istanbul TUR"]
[Date "2012.09.01"]
[Round "5.40"]
[Board "3"]
[White "Li, Ruofan"]
[Black "Rodgaard, John"]
[Result "1-0"]
[WhiteTitle "IM"]
[BlackTitle "IM"]
[WhiteElo "2419"]
[BlackElo "2354"]
[WhiteTeam "Singapore"]
[BlackTeam "Faroe Islands"]
[WhiteFideId "8600643"]
[BlackFideId "7200013"]
[EventDate "2012.08.28"]

1. d4 d5 2. c4 e6 3. Nc3 Be7 4. Nf3 Nf6 5. Bg5 O-O 6. e3 h6 7. Bh4 Ne4 8. Bxe7
Qxe7 9. Rc1 c6 10. h4 Nd7 11. g4 e5 12. cxd5 Nxc3 13. Rxc3 cxd5 14. g5 e4 15.
Nd2 hxg5 16. Qh5 g4 17. Qxd5 Nf6 18. Qg5 Qb4 19. Rb3 Qd6 20. h5 Nh7 21. Qc5 Qd8
22. Bc4 Re8 23. h6 g6 24. Bd5 Nf6 25. h7+ Kg7 26. Bxe4 Be6 27. Rxb7 Nxe4 28.
Nxe4 Bd5 29. h8=Q+ Rxh8 30. Rxh8 Kxh8 31. Nd6 g3 32. Qxd5 gxf2+ 33. Kf1 1-0

[Event "40th Olympiad Open"]
[Site "Istanbul TUR"]
[Date "2012.09.01"]
[Round "5.40"]
[Board "4"]
[White "Nielsen, Rogvi Egilstoft"]
[Black "Shanmugam, Ravindran"]
[Result "1-0"]
[BlackTitle "IM"]
[WhiteElo "2203"]
[BlackElo "2406"]
[WhiteTeam "Faroe Islands"]
[BlackTeam "Singapore"]
[WhiteFideId "7200447"]
[BlackFideId "5801770"]
[EventDate "2012.08.28"]

1. e4 e5 2. Nf3 Nc6 3. Bc4 Bc5 4. c3 Nf6 5. d3 a6 6. Bb3 d6 7. h3 Ba7 8. Nbd2
Ne7 9. Nf1 Ng6 10. Ng3 O-O 11. O-O b5 12. a4 Bb7 13. Nh2 d5 14. Qf3 Nh4 15. Qe2
h6 16. Ng4 dxe4 17. dxe4 Nxg4 18. Qxg4 Kh7 19. Nf5 Ng6 20. h4 bxa4 21. Rxa4 Qf6
22. Bg5 hxg5 23. hxg5 Qc6 24. Rc4 Qd7 25. Rxc7 Bd5 26. Bxd5 1-0